Fundamentals of engineering mathamatics Vol.1 / (Record no. 13097)
[ view plain ]
| 000 -LEADER | |
|---|---|
| fixed length control field | 00526cam a2200205ua 4500 |
| 041 ## - LANGUAGE CODE | |
| Language code of text/sound track or separate title | eng |
| 082 ## - DEWEY DECIMAL CLASSIFICATION NUMBER | |
| Classification number | 519 |
| Item number | GUP/FU |
| 100 ## - MAIN ENTRY--AUTHOR NAME | |
| Personal name | Gupta, S.C . |
| 245 ## - TITLE STATEMENT | |
| Title | Fundamentals of engineering mathamatics Vol.1 / |
| 250 ## - EDITION STATEMENT | |
| Edition statement | 1 / |
| 260 ## - PUBLICATION, DISTRIBUTION, ETC. (IMPRINT) | |
| Place of publication | New Delhi : |
| Name of publisher | Himalaya publishig company , |
| Year of publication | 2007. |
| 300 ## - PHYSICAL DESCRIPTION | |
| Number of Pages | 600 ; |
| Accompanying material | `. |
| 700 1# - ADDED ENTRY--PERSONAL NAME | |
| Personal name | Gupta, Vishal . |
| 700 1# - ADDED ENTRY--PERSONAL NAME | |
| Personal name | kapoor, V.K . |
| 942 ## - ADDED ENTRY ELEMENTS (KOHA) | |
| Koha item type | Books |
| Withdrawn status | Lost status | Damaged status | Home library | Current library | Date acquired | Full call number | Accession Number | Koha item type |
|---|---|---|---|---|---|---|---|---|
| KAUAET | KAUAET | 07/04/2012 | 519 GUP/FU | 21442 | Books |
